Promoting e-learning and taking progress e-tests within self-study

Enregistré dans:
Détails bibliographiques
Auteur principal: Hrdličková, Zuzana
Format: Chapitre de livre
Langue:anglais
Tags: Ajouter un tag
Pas de tags, Soyez le premier à ajouter un tag!

MARC

LEADER 00000nla a2200000 4500
001 0179702
005 20240502073044.3
041 0 |a eng 
044 |a SK 
245 1 0 |a Promoting e-learning and taking progress e-tests within self-study  |c Zuzana Hrdličková 
100 1 |a Hrdličková, Zuzana